Rozvojové krajiny s nedostatočnými zdrojmi vody - vplyv na ich pozície v rámci medzinárodného obchodu diplomová práca
Uložené v:
| Hlavný autor: | |
|---|---|
| Korporativný autor: | |
| Ďalší autori: | |
| Médium: | Kniha |
| Jazyk: | Slovak |
| Vydavateľské údaje: |
Bratislava
2019
|
| Tagy: |
Žiadne tagy, Buďte prvý, kto otaguje tento záznam!
|
MARC
| LEADER | 00000nbm a2200000 4500 | ||
|---|---|---|---|
| 001 | 0254006 | ||
| 005 | 20191004140015.4 | ||
| 041 | 0 | |a slo | |
| 044 | |a SK | ||
| 245 | 1 | 0 | |a Rozvojové krajiny s nedostatočnými zdrojmi vody - vplyv na ich pozície v rámci medzinárodného obchodu |b diplomová práca |c Soňa Stegmannová ; školiteľ: Ľubica Zubaľová |
| 264 | 1 | |a Bratislava |c 2019 | |
| 300 | |a 64 s. | ||
| 100 | 1 | |a Stegmannová, Soňa | |
| 700 | 1 | |a Zubaľová, Ľubica, 1969- | |
| 710 | 2 | |a Obchodná fakulta EU. Katedra medzinárodného obchodu | |